000 00951nam a22002417a 4500
999 _c1245
_d1245
003 AR-CdUCM
008 190226b ||||| |||| 00| 0 spa d
040 _aMUNICIPALIDAD PROVINCIAL DEL CUSCO
_cBIBLIOTECA MUNICIPAL DEL CUSCO
041 _hhun
082 _a911.439 /
_bH8
110 _aOficina de Información del Consejo de Ministros de Hungría
_94849
245 _aHungría hoy.
260 _aBudapest :
_bOficina de Información del Consejo de Ministros de Hungría,
_c1980.
300 _a256 páginas ;
_bFotografías en color,
_c28 cm.
505 _aTierra, pueblo e historia de la República Popular de Hungría -- Organisacion estatal y sistema social -- Vida científica y el mundo de nuestra cultura -- Apéndice
650 _aRepública Popular de Hungria
_94850
650 _aEconomía
_9382
650 _aSociedad
_953
650 _aEstado
_9738
650 _aFotografía
_94511
942 _2ddc
_cLIBROS
945 _admma
_d2019-02-26